00343nam a2200121 a 450008200130000010000220001324500670003526000360010230000080013850000350014665000180018170000220019900a221bIMC aImchen, S, Temjen aRereading the Old Testament Texts from Liberation Perspectives aKolkata, India bSCEPTRE c2013 a82p aincludes index and biblioraphy aOld Testament1 aImchen, S, Temjen